Statistiques concernant Capitale par pays #1

Cliquez ici pour prendre le quiz!

Statistiques générales

  • Ce quiz a été pris 343 fois
  • Le résultat moyen est 8 sur 10

Statistiques - réponses

HintRéponse% Correct
CanadaOttawa
94%
FinlandeHelsinki
93%
AndorreAndorre-la-Vieille
92%
Nouvelle-ZélandeWellington
88%
CamerounYaoundé
75%
PakistanIslamabad
74%
BolivieLa paz et sucre
71%
NépalKatmandou
70%
FidjiSuva
57%
BéninPorto-Novo et Cotonou
47%

Distribution des résultats

Percentile par nombre de réponses

% des personnes avec chaque résultat

Votre développement - résultats

Vous n’avez pas pris ce quiz